000 00766cam a2200277 4500
001 ABS62658
008 000000n2000 000 0 eng u
035 _a(Sirsi) u107345
100 _aFitzgerald, S.
245 _aDamages limitations
260 _c2000
490 _aProperty Week
_v 65(27) 7 July 2000, 70(1)
520 _aThe case of "Farley v Skinner" highlights the limits on the damages that can be claimed against surveyors.
590 _aABS
650 _aFARLEY V SKINNER
650 _aNOISE POLLUTION
650 _aDAMAGES CLAIM
650 _aCOMPENSATION
650 _aDEFECTS
650 _aGUARANTEE
650 _aNEGLIGENCE
650 _aAIRCRAFT NOISE
690 _aPROFESSIONAL PRACTICE
700 _aTregear, F.
942 _n0
999 _c64183
_d64183